000 00600nam a2200193 i 4500
001 33171
003 ES-MaACL
005 20240429130609.0
007 t|
008 030201s1965 sp ||||1| spa d
100 1 _aBereday, George F.
_927871
245 1 0 _aPolítica de la educación soviética /
_cGeorge F. Bereday y Jaan Pennar ; [traducción de Beatriz de Moura].
260 _aBarcelona :
_bLumen,
_c1965.
300 _a283 p. ;
_c19 cm.
700 1 _aMoura, Beatriz de,
_d1939-
_983880
700 1 _aPennar, Jaan.
_990176
852 _aES-MaACL
_jC-29489
_bR.58079
999 _c33171
_d33171